000 00711nam a2200241Ia 4500
003 OSt
005 20220926013832.0
006 a|||||r|||| 00| 0
007 ta
008 220923b |||||||| |||| 00| 0 eng d
037 _cGeneral Book
040 _aRTL
_cRTL
_beng
041 _2eng
_aeng
082 _aU:(D6,9(B), N;P2
100 _aDemers Michael N
245 0 _aFundamentals of geographic information systems
250 _a2nd
260 _aNew York
_bJohn Wiley U S A
_c2002
300 _axiii,498p. Appendix p. 463-70 Glossary p. 471-87
_ccm.
650 _aModern - Geography
_9231135
942 _hU:(D6,9(B), N;P2
_cGB
_2CC
999 _c626995
_d626995